[Event "Bad Wiessee Senioren Cup 8th"]
[Site "Bad Wiessee"]
[Date "2019.05.19"]
[Round "9"]
[White "Kohlmeyer, Klaus"]
[Black "Mehlhorn, Dieter"]
[Result "1-0"]
[WhiteElo "1792"]
[BlackElo "1834"]
[PlyCount "129"]
[EventDate "2019.05.11"]
[EventType "swiss"]
[EventRounds "9"]
[EventCountry "GER"]
[SourceTitle "EXT 2020"]
[Source "ChessBase"]
[SourceDate "2019.10.17"]
[SourceVersion "1"]
[SourceVersionDate "2019.10.17"]
[SourceQuality "1"]

1. f4 e6 2. Nf3 d5 3. e3 Nf6 4. b3 Be7 5. Bb2 c5 6. Be2 Nc6 7. 0-0 0-0 8. Qe1 Ne4 9. d3 Nd6 10. Nbd2 Bf6 11. Ne5 d4 12. Nxc6 bxc6 13. e4 Nb5 14. Bf3 e5 15. a4 Nc3 16. f5 Bg5 17. Nc4 Bf6 18. Kh1 Ba6 19. Bxc3 dxc3 20. Na3 Qd4 21. Nb1 c4 22. bxc4 Rab8 23. Nxc3 Rb2 24. Ne2 Qe3 25. Qc3 Rfb8 26. g3 Qc5 27. h4 Bd8 28. a5 f6 29. Kg2 R8b4 30. Nc1 Qd4 31. Qxd4 exd4 32. Rf2 Rb1 33. Rxb1 Rxb1 34. Nb3 Rb2 35. e5 fxe5 36. Bxc6 Ra2 37. Re2 Bxa5 38. Nxa5 Rxa5 39. Bd5+ Kf8 40. Rxe5 Ra2 41. Re2 Bc8 42. Bc6 Kf7 43. g4 a5 44. Kf3 Ra1 45. Re8 Bb7 46. Re6 Bc8 47. Re4 Ra2 48. Kf4 a4 49. Rxd4 Ke7 50. c5 a3 51. Ra4 Rxc2 52. Rxa3 Rxc5 53. Be4 Rc7 54. g5 Bd7 55. Rb3 Kd6 56. Rb6+ Ke7 57. Rb7 Rc1 58. d4 Kd6 59. Rb6+ Kc7 60. Ra6 Rc4 61. Ke5 Kd8 62. f6 g6 63. Ra8+ Rc8 64. Rxc8+ Bxc8 65. Bc6 1-0

[Event "Bad Wiessee Senioren Cup 8th"]
[Site "Bad Wiessee"]
[Date "2019.05.15"]
[Round "5"]
[White "Kohlmeyer, Klaus"]
[Black "Catalfamo, Santo"]
[Result "0-1"]
[WhiteElo "1792"]
[BlackElo "1554"]
[PlyCount "78"]
[EventDate "2019.05.11"]
[EventType "swiss"]
[EventRounds "9"]
[EventCountry "GER"]
[SourceTitle "EXT 2020"]
[Source "ChessBase"]
[SourceDate "2019.10.17"]
[SourceVersion "1"]
[SourceVersionDate "2019.10.17"]
[SourceQuality "1"]

1. f4 d5 2. Nf3 Bg4 3. e3 c5 4. h3 Bd7 5. Nc3 e6 6. d3 Be7 7. g3 Nf6 8. Ne5 Nc6 9. Bg2 h6 10. 0-0 a6 11. a4 Qc7 12. Nxd7 Nxd7 13. e4 d4 14. Ne2 e5 15. Kh2 f6 16. Bd2 0-0-0 17. c3 g5 18. f5 Qb6 19. Qc2 Kb8 20. Rfb1 Rc8 21. a5 Nxa5 22. b4 cxb4 23. Qa4 Nc6 24. cxb4 Qb5 25. Qb3 h5 26. Ra3 h4 27. g4 Rc7 28. Bf3 Rhc8 29. Nc1 Na7 30. Bd1 Nc6 31. Qe6 Nb6 32. Qa2 Nxb4 33. Qa1 Rc3 34. Bxc3 dxc3 35. Rxc3 Na4 36. Ra3 Qc5 37. Rxa4 Qf2+ 38. Kh1 Qe1+ 39. Kg2 Bc5 0-1

[Event "Bad Wiessee Senioren Cup 8th"]
[Site "Bad Wiessee"]
[Date "2019.05.12"]
[Round "2"]
[White "Redeker, Frank"]
[Black "Kohlmeyer, Klaus"]
[Result "0-1"]
[WhiteElo "1636"]
[BlackElo "1792"]
[PlyCount "104"]
[EventDate "2019.05.11"]
[EventType "swiss"]
[EventRounds "9"]
[EventCountry "GER"]
[SourceTitle "EXT 2020"]
[Source "ChessBase"]
[SourceDate "2019.10.17"]
[SourceVersion "1"]
[SourceVersionDate "2019.10.17"]
[SourceQuality "1"]

1. d4 f5 2. Bf4 Nf6 3. Nd2 g6 4. c3 Bg7 5. f3 0-0 6. Qc1 Nd5 7. Be5 Bh6 8. f4 d6 9. e4 fxe4 10. Bc4 dxe5 11. Nxe4 Bxf4 12. Qc2 e6 13. Nf3 Ne3 14. Qe2 Nxc4 15. Qxc4 Nc6 16. 0-0 Qd5 17. Qe2 exd4 18. cxd4 Nxd4 19. Nxd4 Qxd4+ 20. Kh1 b6 21. Rad1 Qe3 22. Qc4 b5 23. Qc6 Rb8 24. Rfe1 Qb6 25. Qc3 b4 26. Nf6+ Kf7 27. Qc4 g5 28. Nd7 Bxd7 29. Rxd7+ Kg8 30. Rxe6 Qb5 31. Rg6+ Kh8 32. Rgg7 Qf5 33. Rxh7+ Qxh7 34. Qd4+ Kg8 35. Rxh7 Kxh7 36. g3 Bd6 37. Qe4+ Kh6 38. Qe6+ Kg7 39. Qd5 Kg6 40. Qe4+ Kg7 41. Qd4+ Rf6 42. Qg4 Kh6 43. Qh3+ Kg6 44. Qg4 Rbf8 45. Qe4+ Kh6 46. Qd4 Kh5 47. Qd1+ g4 48. Qd5+ Rf5 49. Qd4 Rf1+ 50. Kg2 R8f2+ 51. Qxf2 Rxf2+ 52. Kxf2 Kg5 0-1

[Event "Hessen-chB"]
[Site "Offenbach"]
[Date "2012.04.07"]
[Round "7"]
[White "Kohlmeyer, Klaus"]
[Black "Pleyer, Christian"]
[Result "1-0"]
[WhiteElo "1798"]
[BlackElo "1452"]
[PlyCount "67"]
[EventDate "2012.04.05"]
[EventType "swiss"]
[EventRounds "7"]
[EventCountry "GER"]
[SourceTitle "EXT 2013"]
[Source "ChessBase"]
[SourceDate "2012.11.22"]
[SourceVersion "1"]
[SourceVersionDate "2012.11.22"]
[SourceQuality "1"]

1. f4 d5 2. e3 Nf6 3. Nf3 Nc6 4. Bb5 Bd7 5. 0-0 e6 6. b3 Bd6 7. Bb2 a6 8. Bxc6 Bxc6 9. d3 Bc5 10. Qe2 Qe7 11. Ne5 Bd7 12. Nd2 0-0-0 13. a4 h5 14. d4 Bd6 15. Ndf3 Rdg8 16. c4 Bxe5 17. fxe5 Ne4 18. c5 g5 19. Rfc1 g4 20. Nd2 g3 21. h3 Nf2 22. Nf3 f6 23. b4 c6 24. b5 cxb5 25. c6 Bxc6 26. axb5 axb5 27. Qxb5 Kd7 28. Rxc6 bxc6 29. Ra7+ Ke8 30. Rxe7+ Kxe7 31. Qb7+ Kd8 32. exf6 Ne4 33. Ne5 Nxf6 34. Nxc6+ 1-0

[Event "Karl Mala Memorial op 14th"]
[Site "Frankfurt"]
[Date "2011.07.09"]
[Round "4"]
[White "Kaulbars, Pascal"]
[Black "Kohlmeyer, Klaus"]
[Result "0-1"]
[WhiteElo "1459"]
[BlackElo "1790"]
[PlyCount "68"]
[EventDate "2011.07.07"]
[EventType "swiss"]
[EventRounds "7"]
[EventCountry "GER"]
[SourceTitle "EXT 2012"]
[Source "ChessBase"]
[SourceDate "2011.11.24"]
[SourceVersion "1"]
[SourceVersionDate "2011.11.24"]
[SourceQuality "1"]

1. e4 c5 2. Nf3 d6 3. d4 cxd4 4. Nxd4 Nf6 5. Nc3 Nc6 6. Bg5 e6 7. Qd2 Be7 8. 0-0-0 a6 9. Bxf6 gxf6 10. Nxc6 bxc6 11. Qh6 Bf8 12. Qh4 Be7 13. Qh5 Rb8 14. f4 Qb6 15. f5 Qe3+ 16. Rd2 Rxb2 17. Kxb2 Qxd2 18. g3 d5 19. Bd3 Ba3+ 20. Kb3 Bb4 21. Na4 Be7 22. a3 c5 23. Qe2 c4+ 24. Ka2 Qa5 25. Bxc4 Qxa4 26. exd5 Qxa3+ 27. Kb1 e5 28. Bb3 Bxf5 29. Qh5 Bg6 30. Qg4 0-0 31. h4 Qxb3+ 32. Ka1 Qc3+ 33. Ka2 Qxc2+ 34. Ka1 Ba3 0-1

[Event "Karl Mala Memorial op 14th"]
[Site "Frankfurt"]
[Date "2011.07.09"]
[Round "5"]
[White "Kohlmeyer, Klaus"]
[Black "Hess, Steffen"]
[Result "1-0"]
[WhiteElo "1790"]
[BlackElo "2005"]
[PlyCount "65"]
[EventDate "2011.07.07"]
[EventType "swiss"]
[EventRounds "7"]
[EventCountry "GER"]
[SourceTitle "EXT 2012"]
[Source "ChessBase"]
[SourceDate "2011.11.24"]
[SourceVersion "1"]
[SourceVersionDate "2011.11.24"]
[SourceQuality "1"]

1. f4 Nf6 2. Nf3 g6 3. e3 Bg7 4. Be2 0-0 5. 0-0 d6 6. d3 c5 7. c3 b6 8. Qe1 Qc7 9. e4 Nbd7 10. Nbd2 Bb7 11. Qh4 e6 12. Rf2 b5 13. g4 Nb6 14. Nf1 c4 15. e5 cxd3 16. Bxd3 Nfd7 17. exd6 Qxd6 18. Bxb5 Bxf3 19. Rxf3 Qc5+ 20. Be3 Qxb5 21. Rh3 f6 22. Qxh7+ Kf7 23. Rh6 Rg8 24. Qxg6+ Ke7 25. Rh7 Kf8 26. f5 exf5 27. Bh6 Qc5+ 28. Ne3 Qe7 29. Nxf5 Qc5+ 30. Be3 Qe5 31. Rxg7 Rxg7 32. Qxg7+ Ke8 33. Re1 1-0

[Event "Frankfurt-ch"]
[Site "Frankfurt"]
[Date "2009.06.29"]
[Round "7"]
[White "Lessmann, Sven"]
[Black "Kohlmeyer, Klaus"]
[Result "0-1"]
[WhiteElo "1193"]
[BlackElo "1813"]
[PlyCount "96"]
[EventDate "2009.04.27"]
[EventType "tourn"]
[EventRounds "7"]
[EventCountry "GER"]
[SourceTitle "EXT 2010"]
[Source "ChessBase"]
[SourceDate "2010.11.25"]
[SourceVersion "1"]
[SourceVersionDate "2010.11.25"]
[SourceQuality "1"]

1. d4 Nf6 2. c4 e6 3. Nc3 Bb4 4. Qc2 c5 5. e3 0-0 6. Bd3 b6 7. Nf3 Bb7 8. 0-0 Bxc3 9. Qxc3 Ne4 10. Qc2 f5 11. Nd2 d5 12. f3 Nxd2 13. Bxd2 cxd4 14. exd4 Qh4 15. Qc3 Rf6 16. Be1 Qg5 17. f4 Qg6 18. Bh4 dxc4 19. Rf2 cxd3 20. Bxf6 Qxf6 21. Qxd3 Nc6 22. Rd2 Rd8 23. Qf3 Na5 24. Qf2 Rc8 25. b3 Be4 26. Qe2 Qf7 27. Qb5 Rc3 28. Qe5 Qc7 29. Qxe6+ Kf8 30. Re1 Rc1 31. Rde2 Qxf4 32. d5 Nb7 33. Qd7 Qc7 34. Qxc7 Rxc7 35. Rd2 Rd7 36. Red1 Ke7 37. Rd4 Kd6 38. R1d2 Rc7 39. Kf2 Nd8 40. Ke3 g6 41. g3 Nf7 42. h4 Rc3+ 43. Kf2 Ne5 44. Ra4 Rf3+ 45. Ke1 Rxg3 46. Kd1 Rg1+ 47. Ke2 Rg2+ 48. Ke1 Nf3+ 0-1

[Event "Frankfurt-ch"]
[Site "Frankfurt"]
[Date "2009.06.15"]
[Round "5"]
[White "Kohlmeyer, Klaus"]
[Black "Precht, Marten"]
[Result "1-0"]
[WhiteElo "1813"]
[BlackElo "965"]
[PlyCount "81"]
[EventDate "2009.04.27"]
[EventType "tourn"]
[EventRounds "7"]
[EventCountry "GER"]
[SourceTitle "EXT 2010"]
[Source "ChessBase"]
[SourceDate "2010.11.25"]
[SourceVersion "1"]
[SourceVersionDate "2010.11.25"]
[SourceQuality "1"]

1. f4 d5 2. Nf3 Nf6 3. e3 Nc6 4. Bb5 Bd7 5. b3 a6 6. Bxc6 Bxc6 7. Bb2 e6 8. Ne5 Bd6 9. Nxc6 bxc6 10. 0-0 0-0 11. Qe1 Re8 12. Qg3 Nh5 13. Qh3 Nf6 14. Qg3 Nh5 15. Qf3 Qh4 16. Nc3 e5 17. g3 Qh3 18. fxe5 Rxe5 19. Qxf7+ Kh8 20. Ne2 Rg5 21. Qf3 h6 22. Nf4 Bxf4 23. exf4 Rg4 24. Qg2 Qxg2+ 25. Kxg2 Rf8 26. Be5 Rf7 27. Rf3 Kh7 28. Re1 Rg6 29. Ree3 Nf6 30. Bxf6 Rfxf6 31. Re7 h5 32. Rxc7 h4 33. Re7 hxg3 34. hxg3 c5 35. Rc7 Rc6 36. Rxc6 Rxc6 37. Re3 g6 38. Kf3 Kh6 39. g4 a5 40. g5+ Kh5 41. Re7 1-0

[Event "Frankfurt-ch"]
[Site "Frankfurt"]
[Date "2009.05.11"]
[Round "3"]
[White "Krueger, Jens"]
[Black "Kohlmeyer, Klaus"]
[Result "1-0"]
[WhiteElo "1382"]
[BlackElo "1813"]
[PlyCount "61"]
[EventDate "2009.04.27"]
[EventType "tourn"]
[EventRounds "7"]
[EventCountry "GER"]
[SourceTitle "EXT 2010"]
[Source "ChessBase"]
[SourceDate "2010.11.25"]
[SourceVersion "1"]
[SourceVersionDate "2010.11.25"]
[SourceQuality "1"]

1. e4 c5 2. Nf3 d6 3. Nc3 Nc6 4. Be2 g6 5. 0-0 Bg7 6. d3 e6 7. Rb1 Nge7 8. Bf4 a6 9. Qd2 0-0 10. Bh6 Nd4 11. Nxd4 cxd4 12. Bxg7 Kxg7 13. Nd1 Bd7 14. c3 Nc6 15. f4 Rc8 16. Nf2 Qe8 17. Rbe1 e5 18. f5 f6 19. Ng4 g5 20. h4 h6 21. Rf3 Qf7 22. Nxh6 Qxa2 23. hxg5 dxc3 24. gxf6+ Kxf6 25. Ng4+ Ke7 26. Qg5+ Ke8 27. Nf6+ Rxf6 28. Qxf6 cxb2 29. Rh3 Ne7 30. Rh8+ Ng8 31. Bh5+ 1-0

[Event "Giessen op"]
[Site "Giessen"]
[Date "2009.??.??"]
[Round "7"]
[White "Feldtmann, Thomas"]
[Black "Kohlmeyer, Klaus"]
[Result "1-0"]
[WhiteElo "2270"]
[BlackElo "1810"]
[PlyCount "49"]
[EventDate "2009.??.??"]
[EventType "swiss"]
[EventRounds "7"]
[EventCountry "GER"]
[SourceTitle "EXT 2011"]
[Source "ChessBase"]
[SourceDate "2010.11.26"]
[SourceVersion "1"]
[SourceVersionDate "2010.11.26"]
[SourceQuality "1"]

1. e4 c5 2. Nf3 e6 3. d4 cxd4 4. Nxd4 a6 5. Bd3 Qc7 6. 0-0 Ne7 7. f4 Nbc6 8. Nb3 Nb4 9. Nc3 Nxd3 10. cxd3 b5 11. Be3 Bb7 12. Rc1 Bc6 13. Qh5 g6 14. Qh4 Bg7 15. f5 Bxc3 16. Rxc3 gxf5 17. Bd4 Ng6 18. Qf2 Rg8 19. Bb6 Qb8 20. Na5 Nf4 21. Kh1 Nxg2 22. Nxc6 dxc6 23. Rg1 Kd7 24. Rxg2 fxe4 25. Qxf7+ 1-0

[Event "Giessen op"]
[Site "Giessen"]
[Date "2009.??.??"]
[Round "4"]
[White "Kohlmeyer, Klaus"]
[Black "Hanig, Gunnar"]
[Result "0-1"]
[WhiteElo "1810"]
[BlackElo "1840"]
[PlyCount "66"]
[EventDate "2009.??.??"]
[EventType "swiss"]
[EventRounds "7"]
[EventCountry "GER"]
[SourceTitle "EXT 2011"]
[Source "ChessBase"]
[SourceDate "2010.11.26"]
[SourceVersion "1"]
[SourceVersionDate "2010.11.26"]
[SourceQuality "1"]

1. f4 d6 2. Nf3 Nc6 3. e3 e5 4. fxe5 dxe5 5. Bb5 Bd6 6. Bxc6+ bxc6 7. e4 Nf6 8. d3 0-0 9. b3 Qe7 10. Bb2 Bg4 11. 0-0 h6 12. Nbd2 Nh7 13. Qe1 f6 14. Kh1 Bc5 15. Qg3 Be6 16. Nh4 Rfd8 17. Nf5 Bxf5 18. Rxf5 Nf8 19. Raf1 Kh7 20. Nc4 Ne6 21. Na5 Qd7 22. Nb7 Rg8 23. Nxc5 Nxc5 24. Bc1 Qe8 25. Qh3 Rh8 26. Rxf6 gxf6 27. Rxf6 Kg7 28. Qf5 Rd8 29. Bxh6+ Rxh6 30. Qg5+ Rg6 31. Rxg6+ Qxg6 32. Qxd8 Ne6 33. c3 Nxd8 0-1

[Event "Giessen op"]
[Site "Giessen"]
[Date "2009.??.??"]
[Round "3"]
[White "Machlin, Maxim"]
[Black "Kohlmeyer, Klaus"]
[Result "0-1"]
[WhiteElo "1915"]
[BlackElo "1810"]
[PlyCount "76"]
[EventDate "2009.??.??"]
[EventType "swiss"]
[EventRounds "7"]
[EventCountry "GER"]
[SourceTitle "EXT 2011"]
[Source "ChessBase"]
[SourceDate "2010.11.26"]
[SourceVersion "1"]
[SourceVersionDate "2010.11.26"]
[SourceQuality "1"]

1. e4 c5 2. Nc3 Nc6 3. Bc4 g6 4. Nge2 Bg7 5. 0-0 e6 6. Nb5 d5 7. exd5 exd5 8. Bxd5 Nge7 9. Bf3 0-0 10. Rb1 Be6 11. b3 a6 12. Nbc3 Qd7 13. Ne4 b6 14. Bb2 Bxb2 15. Rxb2 f5 16. Ng5 Bd5 17. d4 Bxf3 18. Nxf3 Rad8 19. c3 cxd4 20. Nexd4 Nxd4 21. Nxd4 Nd5 22. c4 Nc3 23. Qd2 Qxd4 24. Qxd4 Rxd4 25. Rc2 Ne4 26. f3 Nf6 27. c5 Rc8 28. Rfc1 bxc5 29. Rxc5 Rxc5 30. Rxc5 Rd1+ 31. Kf2 Rd2+ 32. Kg3 Rxa2 33. b4 Nh5+ 34. Kh4 Rxg2 35. h3 Nf6 36. Rxf5 gxf5 37. b5 axb5 38. f4 Ne4 0-1

[Event "Rhein Main op 11th"]
[Site "Bad Homburg"]
[Date "2008.05.23"]
[Round "4"]
[White "Kohlmeyer, Klaus"]
[Black "Jung, Bernd"]
[Result "1/2-1/2"]
[WhiteElo "1509"]
[BlackElo "1899"]
[PlyCount "83"]
[EventDate "2008.05.21"]
[EventType "swiss"]
[EventRounds "7"]
[EventCountry "GER"]
[SourceTitle "CBM 124 Extra"]
[Source "ChessBase"]
[SourceDate "2008.07.03"]
[SourceVersion "1"]
[SourceVersionDate "2008.07.03"]
[SourceQuality "1"]

1. d4 d5 2. Nf3 c5 3. g3 Nc6 4. c3 e6 5. Bg2 Nf6 6. Bg5 h6 7. Bxf6 Qxf6 8. 0-0 cxd4 9. cxd4 Bd6 10. Nc3 Qe7 11. Qc2 Bd7 12. Nb5 Rc8 13. Nxd6+ Qxd6 14. Rfc1 0-0 15. Qd2 Rc7 16. Rc3 b6 17. Rac1 Bc8 18. b4 b5 19. Rc5 a6 20. Ne5 Bb7 21. Nxc6 Bxc6 22. Qc2 Rfc8 23. e3 e5 24. Bxd5 exd4 25. exd4 Bxd5 26. Rxc7 Re8 27. Rc8 Rxc8 28. Qxc8+ Kh7 29. Qf5+ g6 30. Qe5 Qd8 31. f4 Bxa2 32. Ra1 Be6 33. Qc5 Qa8 34. Rd1 Qf3 35. Rf1 Qe4 36. Qe5 Qc2 37. Re1 Bh3 38. Qe4 Qc3 39. d5 Bf5 40. Re3 Qc1+ 41. Re1 Qc3 42. Re3 1/2-1/2

[Event "Hessen-ch Gr-D 62nd"]
[Site "Hanau"]
[Date "2008.03.21"]
[Round "2"]
[White "Kohlmeyer, Klaus"]
[Black "Staggat, Rolf"]
[Result "1/2-1/2"]
[WhiteElo "1525"]
[BlackElo "1661"]
[PlyCount "25"]
[EventDate "2008.03.21"]
[EventType "swiss"]
[EventRounds "5"]
[EventCountry "GER"]
[SourceTitle "CBM 123 Extra"]
[Source "ChessBase"]
[SourceDate "2008.05.06"]
[SourceVersion "1"]
[SourceVersionDate "2008.05.06"]
[SourceQuality "1"]

1. d4 Nf6 2. Nf3 e6 3. c4 b6 4. Nc3 Bb7 5. Bg5 Be7 6. e3 0-0 7. Bd3 d5 8. cxd5 Nxd5 9. Bxe7 Qxe7 10. Qc2 h6 11. Nxd5 Bxd5 12. 0-0 Nd7 13. Be4 1/2-1/2

[Event "Rhein Main op 10th"]
[Site "Bad Homburg"]
[Date "2007.06.10"]
[Round "7"]
[White "Kohlmeyer, Klaus"]
[Black "Hoehler, Robin"]
[Result "1-0"]
[WhiteElo "1611"]
[BlackElo "1482"]
[PlyCount "43"]
[EventDate "2007.06.06"]
[EventType "swiss"]
[EventRounds "7"]
[EventCountry "GER"]
[SourceTitle "EXT 2008"]
[Source "ChessBase"]
[SourceDate "2007.11.25"]
[SourceVersion "1"]
[SourceVersionDate "2007.11.25"]
[SourceQuality "1"]

1. d4 f5 2. c3 Nf6 3. Bg5 d5 4. Bxf6 exf6 5. g3 Bd6 6. Bg2 c6 7. e3 0-0 8. Nf3 Nd7 9. Qc2 Nb6 10. Nbd2 Qe7 11. 0-0-0 Be6 12. h4 Nc4 13. h5 b5 14. Nh4 Qd7 15. Bh3 b4 16. Nxc4 dxc4 17. cxb4 Bxb4 18. Bxf5 Bxf5 19. Nxf5 Rfb8 20. Qxc4+ Kh8 21. Nh4 Qe7 22. Ng6+ 1-0

[Event "Hessen-ch qual-D"]
[Site "Erlensee"]
[Date "2007.04.06"]
[Round "2"]
[White "Kohlmeyer, Klaus"]
[Black "Bauer, Timo"]
[Result "1/2-1/2"]
[WhiteElo "1573"]
[BlackElo "1685"]
[PlyCount "43"]
[EventDate "2007.04.06"]
[EventType "swiss"]
[EventRounds "5"]
[EventCountry "GER"]
[SourceTitle "CBM 117 Extra"]
[Source "ChessBase"]
[SourceDate "2007.05.09"]
[SourceVersion "1"]
[SourceVersionDate "2007.05.09"]
[SourceQuality "1"]

1. d4 d5 2. Nf3 Nf6 3. c4 dxc4 4. Nc3 b6 5. e3 Bb7 6. Bxc4 e6 7. 0-0 c5 8. dxc5 Qxd1 9. Rxd1 Bxc5 10. Bb5+ Nbd7 11. Ne5 Rd8 12. a3 a6 13. Nxd7 Nxd7 14. Be2 0-0 15. b4 Be7 16. Bb2 b5 17. Rd2 Nb6 18. Rad1 Rc8 19. Ba1 Bf6 20. Rd6 Nc4 21. Bxc4 Rxc4 22. Ne2 1/2-1/2

[Event "Hessen-ch qual-D"]
[Site "Erlensee"]
[Date "2007.04.06"]
[Round "3"]
[White "Struth, Juergen"]
[Black "Kohlmeyer, Klaus"]
[Result "1/2-1/2"]
[WhiteElo "1622"]
[BlackElo "1573"]
[PlyCount "29"]
[EventDate "2007.04.06"]
[EventType "swiss"]
[EventRounds "5"]
[EventCountry "GER"]
[SourceTitle "CBM 117 Extra"]
[Source "ChessBase"]
[SourceDate "2007.05.09"]
[SourceVersion "1"]
[SourceVersionDate "2007.05.09"]
[SourceQuality "1"]

1. e4 c5 2. d4 cxd4 3. c3 dxc3 4. Nxc3 a6 5. Nf3 d6 6. Bc4 e6 7. Qe2 Nc6 8. 0-0 Nf6 9. Rd1 Qc7 10. Bf4 Be7 11. Rac1 0-0 12. e5 Nh5 13. Be3 dxe5 14. g3 Nf6 15. Bb3 1/2-1/2

[Event "Hessen-chB"]
[Site "Marburg"]
[Date "2006.04.13"]
[Round "3.31"]
[White "Siegismund, Verena"]
[Black "Kohlmeyer, Klaus"]
[Result "1/2-1/2"]
[WhiteElo "1169"]
[BlackElo "1631"]
[PlyCount "49"]
[EventDate "2006.04.13"]
[EventType "swiss"]
[EventRounds "7"]
[EventCountry "GER"]
[SourceTitle "EXT 2007"]
[Source "ChessBase"]
[SourceDate "2006.11.23"]
[SourceVersion "1"]
[SourceVersionDate "2006.11.23"]
[SourceQuality "1"]

1. e4 c5 2. Nf3 d6 3. d4 cxd4 4. Nxd4 Nf6 5. Nc3 g6 6. Bc4 Bg7 7. 0-0 0-0 8. Re1 Nc6 9. Nf3 Bg4 10. h3 Bxf3 11. Qxf3 Ne5 12. Qe2 Nxc4 13. Qxc4 a6 14. Bf4 Rc8 15. Qb3 Rxc3 16. bxc3 Nh5 17. Bg5 h6 18. Be3 Qc7 19. Bd4 Rc8 20. Bxg7 Kxg7 21. Re3 Nf6 22. Rb1 Rb8 23. Rbe1 Nd7 24. f4 Nb6 25. g3 1/2-1/2